[Event "Norsk Open A"]
[Site "Fagernes NOR"]
[Date "2011.04.17"]
[Round "7"]
[White "Kovachev,D"]
[Black "Rubio Mejia,L"]
[Result "1/2-1/2"]
[WhiteElo "2307"]
[BlackElo "2409"]

1.e4 c5 2.Nf3 d6 3.Bb5+ Bd7 4.Bxd7+ Qxd7 5.c4 Nc6 6.d4 cxd4 7.Nxd4 g6 8.Nc3 Bg7
9.Be3 Nf6 10.h3 O-O 11.O-O a6 12.Rc1 Rac8 13.b3 Rfe8 14.Qd3 Rb8 15.Rfd1 b5
16.Nxc6 Qxc6 17.cxb5 axb5 18.Nd5 Qd7 19.Rc7 Qd8 20.Rdc1 Nxd5 21.Qxd5 b4 22.Ba7 Ra8
23.R1c4 Bc3 24.Qb7 Be5 25.Rc2 Bc3 26.g3 Rc8 27.Rd7 Qa5 28.Rxe7 Rxe7 29.Qxe7 Qa6
30.Be3 Qc6 31.Bf4 Re8 32.Qxd6 Qxe4 33.Qd7 Ra8 34.Qd1 Re8 35.Be3 h5 36.h4 Be5
37.Rc4 Qa8 38.Qd7 Rd8 39.Qc6 Qxa2 40.Rxb4 Bxg3 41.Kg2 Be5 42.Rb7 Qe2 43.Qf3 Qxf3+
44.Kxf3 Bf6 45.b4 Bxh4 46.b5 Bf6 47.b6 Kg7 48.Ra7 Bd4 49.b7 Bxa7 50.Bxa7 Kf6
51.b8=Q Rxb8 52.Bxb8 Kf5 53.Bc7 g5 54.Bd8 h4 55.Be7 g4+ 56.Kg2 h3+ 57.Kg3 Ke4
58.Bd6 f5 59.Bc7 Kd3 60.f3 h2 61.Kxh2 gxf3 62.Bb6  1/2-1/2

[Event "TCh-SUI 2011"]
[Site "Switzerland SUI"]
[Date "2011.04.17"]
[Round "3.3"]
[White "Marciano,D"]
[Black "Schiendorfer,E"]
[Result "1/2-1/2"]
[WhiteElo "2518"]
[BlackElo "2319"]

1.e4 c5 2.Nf3 d6 3.Bb5+ Bd7 4.Bxd7+ Nxd7 5.O-O Ngf6 6.Qe2 e6 7.b3 Be7 8.Bb2 O-O
9.c4 a6 10.d4 cxd4 11.Nxd4 Qc7 12.Nc3 Ne5 13.f4 Nc6 14.Nxc6 bxc6 15.e5 dxe5
16.fxe5 Nd7 17.Rae1 Bc5+ 18.Kh1 Bd4 19.Na4 Bxb2 20.Nxb2 Rfd8 21.Qf2 Nf8 22.c5 Rd5
23.Na4 Ra7 24.b4 Ng6 25.Qb2 Qd8 26.Nb6 Rd2 27.Qc1 h6 28.Rd1 Rxd1 29.Rxd1 Qh4
30.Qc3 Qf4 31.Re1  1/2-1/2

[Event "17th Schloss Open A"]
[Site "Werther GER"]
[Date "2011.04.17"]
[Round "7"]
[White "Reyer,U"]
[Black "Schaffarczyk,A"]
[Result "1-0"]
[WhiteElo "2152"]
[BlackElo "2118"]

1.e4 c5 2.Nf3 d6 3.Bb5+ Bd7 4.Bxd7+ Qxd7 5.O-O Nc6 6.c3 Nf6 7.Re1 g6 8.d4 cxd4
9.cxd4 d5 10.e5 Ne4 11.Nc3 Nxc3 12.bxc3 Bg7 13.Ng5 Nd8 14.Qd3 Ne6 15.Nh3 O-O
16.f4 Nc7 17.Rb1 b5 18.Ba3 Rfe8 19.e6 Nxe6 20.Rxb5 a6 21.Rb3 Nc7 22.Reb1 Qa4
23.f5 Nb5 24.Bb4 Nd6 25.Bxd6 exd6 26.fxg6 hxg6 27.Qf3 Qxa2 28.Qxd5 Qd2 29.Rf1 Ra7
30.Qxd6 Re2 31.Qg3 Rae7 32.Rb8+ Bf8 33.Rbb1 Bh6 34.Nf4 R7e3 35.Qg4 Bxf4 36.Qxf4 Rxg2+
37.Kh1 Rxh2+ 38.Qxh2 Re2 39.Rb8+  1-0

[Event "Zagreb Open A"]
[Site "Zagreb CRO"]
[Date "2011.04.17"]
[Round "8.8"]
[White "Palac,M"]
[Black "Smith,Bry"]
[Result "1/2-1/2"]
[WhiteElo "2586"]
[BlackElo "2466"]

1.e4 c5 2.Nf3 d6 3.Bb5+ Nd7 4.d4 cxd4 5.Qxd4 a6 6.Bxd7+ Bxd7 7.c4 b5 8.Nc3 bxc4
9.Qxc4 e6 10.O-O Ne7 11.Rd1 Ng6 12.Bg5 Qb8 13.Qd4 f6 14.Be3 Be7 15.Na4 e5
16.Qc4 Qb5 17.Nb6 Qxc4 18.Nxc4 Bc6 19.Nfd2 Rb8 20.Rac1 Bb5 21.Nb6 Nf4 22.Bxf4 Rxb6
23.Rc8+ Bd8 24.Be3 Rb7 25.b3 Kd7 26.Ra8 Re8 27.Nc4 Bc7 28.Rxe8 Kxe8 29.Nxd6+ Bxd6
30.Rxd6 Rd7 31.Bc5 Rxd6 32.Bxd6 Bd3 33.f3 Bb1 34.a3 Bc2 35.b4 Ba4 36.Kf2 Kd7
37.Bf8 g6 38.Ke3 Ke6 39.g3 g5 40.f4 gxf4+ 41.gxf4 exf4+ 42.Kxf4 Bc6 43.Bg7 Ba4
44.Ke3 Ke5 45.Bh6 Bb5 46.Bf4+ Ke6 47.Kd4 Bc6 48.Bg3 h5 49.h4 Bb7 50.e5 fxe5+
51.Bxe5 Bc6 52.Kc5 Bb5 53.Bg3 Kd7 54.a4 Bxa4 55.b5 Bxb5 56.Kb4  1/2-1/2

[Event "ch-FRA u20b"]
[Site "Montlucon FRA"]
[Date "2011.04.18"]
[Round "3.9"]
[White "Lemarchand,M"]
[Black "Chandesris,L"]
[Result "0-1"]
[WhiteElo "1903"]
[BlackElo "2121"]

1.e4 c5 2.Nf3 d6 3.Bb5+ Nd7 4.O-O a6 5.Bxd7+ Bxd7 6.c3 Bc6 7.Re1 Nf6 8.d4 Bxe4
9.Bg5 Bc6 10.Bxf6 gxf6 11.d5 Bd7 12.Nbd2 Qc7 13.Ne4 Bg7 14.Ng3 Bf8 15.b4 O-O-O
16.bxc5 dxc5 17.Rb1 h5 18.Re2 h4 19.Ne4 Bf5 20.c4 Rd7 21.Rb3 Bxe4 22.Rxe4 f5
23.Re2 Bg7 24.Qd2 Qd6 25.Rbe3 h3 26.Qc2 f4 27.Re4 Qg6 28.g3 fxg3 29.fxg3 Qf5
30.Qb3 Bf6 31.Rf4 Qg6 32.Ree4 Rhd8 33.Nh4 Bxh4 34.Rxh4 e6 35.Reg4 Qf5 36.Rf4 Qe5
37.Rxh3 exd5 38.Qa3 dxc4 39.Rh6 Rd1+ 40.Kg2 Qd5+ 41.Kh3 Rd2 42.Rhh4 Qg2+
43.Kg4 Rg8+ 44.Kh5 Qd5+  0-1

[Event "ch-FAI"]
[Site "Vestmanna FAI"]
[Date "2011.04.18"]
[Round "4"]
[White "Samuelsen,C"]
[Black "Nolsoe,E"]
[Result "1-0"]
[WhiteElo "2257"]
[BlackElo "2206"]

1.e4 c5 2.Nf3 d6 3.Bb5+ Nd7 4.d4 cxd4 5.Qxd4 a6 6.Bxd7+ Bxd7 7.Nc3 e6 8.Bg5 Qa5
9.O-O Rc8 10.Rfd1 Qc5 11.Qxc5 Rxc5 12.Bf4 Rc6 13.Rd3 e5 14.Be3 Nf6 15.Rad1 Be7
16.h3 h6 17.Nd2 g5 18.Nb3 Be6 19.Na5 Rc7 20.Bb6 Rd7 21.f3 O-O 22.Kh2 Rc8
23.R3d2 Kg7 24.a3 Bf8 25.g4 Be7 26.Kg3 Kf8 27.Kg2 Bd8 28.Na4 Ke7 29.c4 Ne8
30.b3 Rb8 31.c5 dxc5 32.Bxc5+ Kf6 33.Rxd7 Bxd7 34.Rxd7 Bxa5 35.b4 Bc7 36.Nc3 Kg6
37.Nd5 Bd8 38.Ba7 Rc8 39.Rxb7 Nd6 40.Rd7 Nb5 41.a4 Nd4 42.Bxd4 exd4 43.Kf2 Kg7
44.Ke2 Bf6 45.Nxf6 Kxf6 46.Rxd4 Ke5 47.Ke3 Rc1 48.Rd5+ Ke6 49.Ra5 Rc3+ 50.Kf2 Rc2+
51.Ke3 Rc3+ 52.Kd4 Rxf3 53.Rxa6+ Ke7 54.Rxh6 f6 55.a5 Ke6 56.a6 Ra3 57.e5  1-0

[Event "Zagreb Open B"]
[Site "Zagreb CRO"]
[Date "2011.04.18"]
[Round "9.21"]
[White "Bakalar,J"]
[Black "Bozinovic,Bog"]
[Result "0-1"]
[WhiteElo "2061"]
[BlackElo "2231"]

1.e4 c5 2.Nf3 d6 3.Bb5+ Nd7 4.d4 Nf6 5.Bxd7+ Nxd7 6.O-O e6 7.b3 cxd4 8.Bb2 Be7
9.Bxd4 O-O 10.c4 Qc7 11.Nc3 a6 12.Rc1 b6 13.Qe2 Bb7 14.Nd2 Rac8 15.f3 Qb8
16.Rfd1 Rfe8 17.Nf1 Bc6 18.Qf2 b5 19.cxb5 axb5 20.b4 Qb7 21.a3 Ra8 22.Nb1 Ra6
23.Nfd2 e5 24.Be3 d5 25.exd5 Bxd5 26.Nc3 Be6 27.Ndb1 f5 28.Qe2 Bc4 29.Qc2 Be6
30.Qd3 Rb8 31.Nd5 Bd8 32.Kh1 Nf6 33.Nxf6+ Bxf6 34.Bc5 Rd8 35.Qe3 Bd5 36.Rd2 h6
37.h4 e4 38.fxe4 Bxe4 39.Rxd8+ Bxd8 40.Qf2 Rg6  0-1

[Event "75th ch-BUL"]
[Site "Bankya BUL"]
[Date "2011.04.19"]
[Round "11.5"]
[White "Spasov,V"]
[Black "Nikolov,Sas"]
[Result "1-0"]
[WhiteElo "2590"]
[BlackElo "2429"]

1.e4 c5 2.Nf3 d6 3.Bb5+ Nd7 4.d4 cxd4 5.Qxd4 Nf6 6.Nc3 g6 7.Bg5 Bg7 8.O-O-O O-O
9.e5 dxe5 10.Nxe5 Qa5 11.Nc4 Qc7 12.Rhe1 Qxh2 13.Rxe7 Qxg2 14.Qh4 h6 15.Bxh6 Qg4
16.Qh2 Nb6 17.Bxg7 Kxg7 18.Ne5 Qh3 19.Qxh3 Bxh3 20.Rg1 Bf5 21.Rxb7 Nfd5 22.Nxd5 Nxd5
23.Bc4 Rac8 24.Re1 Rc7 25.Bxd5 Rxc2+ 26.Kd1 Rd8 27.Rxf7+ Kh6 28.Rh1+  1-0

[Event "34th Open"]
[Site "Donostia ESP"]
[Date "2011.04.19"]
[Round "4"]
[White "Rabin,E"]
[Black "Lillo Castay,V"]
[Result "1/2-1/2"]
[WhiteElo "2035"]
[BlackElo "2281"]

1.e4 c5 2.Nf3 d6 3.Bb5+ Nd7 4.d4 Nf6 5.Nc3 a6 6.Bxd7+ Nxd7 7.O-O e6 8.Bg5 Qc7
9.Re1 cxd4 10.Qxd4 Ne5 11.Na4 f6 12.Nb6 Rb8 13.Nxe5 dxe5 14.Qa4+ Kf7 15.Be3 Bc5
16.Qa5 Bxe3 17.Rxe3 Bd7 18.Rd1 Bc6 19.Qc5 Rbd8 20.Red3 Rxd3 21.Rxd3 Rd8 22.Nc4 Rxd3
23.cxd3 Ke8 24.Kf1 Qe7 25.Qb6 Qd8 26.Qb3  1/2-1/2

[Event "12th TCh-RUS Women"]
[Site "Olginka RUS"]
[Date "2011.04.19"]
[Round "4"]
[White "Lahno,Kateri"]
[Black "Paikidze,N"]
[Result "1-0"]
[WhiteElo "2531"]
[BlackElo "2425"]

1.e4 c5 2.Nf3 d6 3.Bb5+ Bd7 4.Bxd7+ Qxd7 5.O-O Nf6 6.e5 dxe5 7.Nxe5 Qc7 8.d4 e6
9.Bf4 Bd6 10.Na3 Bxe5 11.dxe5 a6 12.exf6 Qxf4 13.fxg7 Rg8 14.Qd3 Rxg7 15.Rfd1 Qc7
16.Nc4 Nc6 17.c3 Rd8 18.Qe3 b6 19.Rxd8+ Qxd8 20.Qf3 Qd5 21.Qxd5 exd5 22.Nxb6 d4
23.f3 Rg6 24.Re1+ Kd8 25.Nc4 Kc7 26.Kf2 Rg8 27.Re4 Rd8 28.Ke2 Rd5 29.Rh4 h5
30.Rf4 f5 31.Rh4 Ne5 32.Nxe5 Rxe5+ 33.Kd3 dxc3 34.Kxc3 Re2 35.Rxh5 Rxg2 36.Rxf5 Kc6
37.h4 Rh2 38.h5 Rh4 39.f4 Rh2 40.a4 Kb6 41.b3 Rh1 42.Kc4 Rh4 43.a5+ Kxa5
44.b4+  1-0

[Event "ch-USA w Prelim"]
[Site "Saint Louis USA"]
[Date "2011.04.19"]
[Round "5"]
[White "Melekhina,A"]
[Black "Krush,I"]
[Result "0-1"]
[WhiteElo "2304"]
[BlackElo "2472"]

1.e4 c5 2.Nf3 d6 3.Bb5+ Bd7 4.Bxd7+ Qxd7 5.O-O Nc6 6.Re1 Nf6 7.c3 e6 8.d4 cxd4
9.cxd4 d5 10.e5 Ne4 11.Nbd2 Nxd2 12.Bxd2 Be7 13.a3 O-O 14.b4 b5 15.Qe2 a5
16.Qxb5 axb4 17.axb4 Bxb4 18.Bxb4 Rab8 19.Qc5 Nxb4 20.Ra7 Rb7 21.Rea1 Nd3
22.Rxb7 Nxc5 23.Rxd7 Nxd7 24.Kf1 h6 25.Ra7 Nb6 26.Nd2 Ra8 27.Rxa8+ Nxa8 28.Ke2 Nc7
29.Kd3 g5 30.h4 gxh4 31.Nf3 h3 32.gxh3 Kg7 33.Ke3 Kg6 34.Kf4 Kh5 35.Ke3 Ne8
36.Nh2 Ng7 37.Nf3 Nf5+ 38.Kd3 Nh4 39.Ne1 Kg5 40.Ke2 Nf5 41.Ng2 Nxd4+ 42.Kd3 Nf3
43.Ke3 Nh4 44.f4+ Kh5 45.Ne1 Nf5+ 46.Kf2 Kh4 47.Kg2 Nd4 48.Nd3 Nc2 49.Nf2 Ne3+
50.Kf3 Nf5 51.Kg2 d4 52.Kf3 Ne3 53.Ne4 Kxh3 54.Nd6 Nf5 55.Nxf7 d3 56.Nd6 d2
57.Ke2 Kg4 58.Kxd2 Kxf4 59.Nf7 h5 60.Ke2 Nd4+ 61.Kf2 Nc6 62.Kg2 Nxe5 63.Nd8 Kf5
64.Kg3 Ng6 65.Nf7 h4+ 66.Kf2 Kg4 67.Nd6 h3 68.Nc4 Nh4 69.Ne3+ Kf4 70.Nf1 e5
71.Kg1 Nf3+ 72.Kf2 e4  0-1

[Event "ch-ISL"]
[Site "Egilsstadir ISL"]
[Date "2011.04.20"]
[Round "6"]
[White "Lagerman,R"]
[Black "Steingrimsson,H"]
[Result "0-1"]
[WhiteElo "2320"]
[BlackElo "2554"]

1.e4 c5 2.Nf3 d6 3.Bb5+ Nd7 4.d4 cxd4 5.Qxd4 a6 6.Bxd7+ Bxd7 7.Nc3 Rc8 8.Bg5 h6
9.Bh4 e5 10.Qd3 g5 11.Bg3 Nf6 12.h4 g4 13.Nd2 b5 14.a3 Be7 15.Nf1 Rc4 16.Nd2 Rc8
17.Nf1 Qb6 18.Ne3 Qd4 19.O-O-O Rxc3 20.Qxc3 Qxc3 21.bxc3 Nxe4 22.Nd5 f5 23.Rhe1 Be6
24.Kb2 Bxd5 25.Rxd5 Kf7 26.Bh2 Ke6 27.c4 Bxh4 28.Red1 Bxf2  0-1

[Event "Branko Vukmanovic Mem Open"]
[Site "Tivat MNE"]
[Date "2011.04.20"]
[Round "5.25"]
[White "Drobne,M"]
[Black "Cvijetic,V"]
[Result "1-0"]
[WhiteElo "2093"]
[BlackElo "1883"]

1.e4 c5 2.Nf3 d6 3.Bb5+ Bd7 4.Bxd7+ Qxd7 5.O-O Nc6 6.c3 g6 7.d4 cxd4 8.cxd4 Bg7
9.Nc3 e6 10.Re1 Nge7 11.d5 exd5 12.exd5 Ne5 13.Bf4 f6 14.Nd4 O-O 15.Ne6 Rfc8
16.Qd2 Nf5 17.Ne4 Kf7 18.Rac1 Rxc1 19.Rxc1 Rc8 20.Rxc8 Qxc8 21.Bxe5 fxe5
22.g4  1-0

[Event "ch-FAI"]
[Site "Vestmanna FAI"]
[Date "2011.04.20"]
[Round "6"]
[White "Simonsen,O"]
[Black "Thorsteinsson,S"]
[Result "0-1"]
[WhiteElo "2244"]
[BlackElo "2095"]

1.e4 c5 2.Nf3 d6 3.Bb5+ Bd7 4.Bxd7+ Qxd7 5.c4 Nf6 6.Nc3 g6 7.d4 cxd4 8.Nxd4 Bg7
9.f3 O-O 10.Be3 Rc8 11.b3 Nc6 12.O-O Qd8 13.Nde2 a6 14.a4 Rab8 15.Qd2 Qf8
16.Rfd1 Nd7 17.Rab1 b6 18.Nd5 Nc5 19.Nd4 Ne5 20.Qe2 Qe8 21.Bg5 Rb7 22.f4 Nc6
23.Nxc6 Rxc6 24.f5 h6 25.Bh4 g5 26.Bg3 Rc8 27.f6 exf6 28.Bxd6 Nxe4 29.Bb4 f5
30.Rf1 Qe5 31.Qf3 f4 32.Rbd1 Re8 33.Rfe1 f5 34.g4 fxg3 35.Bc3 Qe6 36.hxg3 Rf7
37.Bxg7 Kxg7 38.Qe3 f4 39.Qd4+ Kh7 40.Qxb6 Qg4 41.Rd3 f3 42.Rxe4 Qxg3+ 43.Kf1 Qg2+  0-1

[Event "Doeberl Cup Premier"]
[Site "Canberra AUS"]
[Date "2011.04.21"]
[Round "1.9"]
[White "Milligan,H"]
[Black "Toth,And1"]
[Result "0-1"]
[WhiteElo "2023"]
[BlackElo "2378"]

1.e4 c5 2.Nf3 d6 3.Bb5+ Nd7 4.d4 cxd4 5.Qxd4 a6 6.Bc4 Ngf6 7.Nc3 e6 8.Bg5 b5
9.Bb3 Qc7 10.O-O Qc5 11.a3 Bb7 12.Rfe1 Ne5 13.Be3 Nxf3+ 14.gxf3 Nd7 15.f4 Qh5
16.Qd3 Qg4+ 17.Kf1 Be7 18.Bd4 Qxf4 19.Re3 Ne5 20.Bxe5 Qxe5 21.Rae1 O-O 22.Rh3 Bf6
23.Qf3 g6 24.Qg4 Qg5 25.Qxg5 Bxg5 26.Rd3 Bf4 27.h3 Be5 28.f3 Rac8 29.Nd1 a5
30.c3 Ba6 31.Kf2 a4 32.Bc2 b4 33.axb4 Bxd3 34.Bxd3 a3 35.bxa3 Ra8 36.Re2 Rxa3
37.Rc2 Rc8 38.Ke2 d5 39.Bb5 d4 40.Kd3 dxc3 41.Ne3 Rb3 42.Nc4 Rxb4 43.Nxe5 Rxb5
44.Ng4 Rb2 45.Rxc3 Rxc3+ 46.Kxc3 Rg2 47.Kd3 Rg3 48.Ke3 Rxh3 49.e5 g5 50.Kf2 Kg7
51.Nf6 Kg6 52.Kg2 Rh4  0-1

[Event "34th Open"]
[Site "Donostia ESP"]
[Date "2011.04.21"]
[Round "7"]
[White "Debray,C"]
[Black "Diaz Herrero,A"]
[Result "1-0"]
[WhiteElo "2381"]
[BlackElo "2126"]

1.e4 c5 2.Nf3 d6 3.Bb5+ Nd7 4.O-O Nf6 5.d4 cxd4 6.Qxd4 a6 7.Bxd7+ Bxd7 8.Bg5 e6
9.Nc3 h6 10.Bh4 Be7 11.e5 dxe5 12.Nxe5 Bb5 13.Rfd1 O-O 14.Qe3 Qc7 15.Bg3 Qc5
16.Qxc5 Bxc5 17.a4 Be8 18.a5 Rc8 19.Na4 Ba7 20.c4 Bxa4 21.Rxa4 Rfd8 22.Rxd8+ Rxd8
23.Kf1 Ne4 24.Rb4 Nc5 25.Nf3 Rd7 26.Bf4 Nd3 27.Ne5 Nxe5 28.Bxe5 f6 29.Bf4 e5
30.Be3 Bxe3 31.fxe3 Kf8 32.Rb6 Rc7 33.b4 Rxc4 34.Rxb7 Rc2 35.b5  1-0

[Event "Cez Cup GM 2011"]
[Site "Frydek Mistek CZE"]
[Date "2011.04.21"]
[Round "4"]
[White "Komliakov,V"]
[Black "Krejci,Jan2"]
[Result "0-1"]
[WhiteElo "2424"]
[BlackElo "2451"]

1.e4 c5 2.Nf3 d6 3.Bb5+ Nd7 4.O-O a6 5.Be2 Ngf6 6.d3 g6 7.Re1 Bg7 8.Bf1 O-O
9.c3 b5 10.d4 cxd4 11.cxd4 Bb7 12.Bd3 e5 13.d5 Nh5 14.a4 b4 15.a5 Nc5 16.Bf1 Qd7
17.Nbd2 f5 18.exf5 Qxf5 19.Nc4 Rad8 20.Be3 e4 21.Ng5 Nf4 22.Ne6 Ncxe6 23.dxe6 Qxe6
24.Qb3 Nd3 25.Bxd3 exd3 26.Qxd3 Qg4 27.f3 Bxf3 28.Qd2 Qxc4 29.gxf3 Rxf3 30.Bb6 Rdf8
31.Rad1 Be5 32.Qd5+ Qxd5 33.Rxd5 Rb3 34.Bc7 Rf5 35.Rd2 Rxb2 36.Rxb2 Bxb2
37.Bxd6 Bd4+ 38.Kg2 b3  0-1

[Event "Doeberl Cup Premier"]
[Site "Canberra AUS"]
[Date "2011.04.23"]
[Round "5.3"]
[White "Bojkov,D"]
[Black "Akshat,Kh"]
[Result "1-0"]
[WhiteElo "2523"]
[BlackElo "2328"]

1.e4 c5 2.Nf3 d6 3.Bb5+ Nd7 4.d4 cxd4 5.Qxd4 a6 6.Bxd7+ Bxd7 7.O-O Nf6 8.Bg5 h6
9.Bxf6 gxf6 10.Nc3 e6 11.Nd2 Qa5 12.Nc4 Qc5 13.Rfd1 O-O-O 14.Nxd6+ Bxd6 15.Qxd6 Qxd6
16.Rxd6 Bc6 17.Rad1 Rxd6 18.Rxd6 Rd8 19.Rxd8+ Kxd8 20.f3 Ke7 21.Kf2 Kd6 22.Ke3 Ke5
23.Nd1 f5 24.f4+ Kd6 25.Nf2 e5 26.exf5 Bxg2 27.Ng4 h5 28.fxe5+ Kd5 29.c4+ Kc5
30.b4+ Kxc4 31.e6 f6 32.Nxf6 Kxb4 33.Ne4  1-0

[Event "9th V Nabokov IM"]
[Site "Kyiv UKR"]
[Date "2011.04.23"]
[Round "7.5"]
[White "Moliboga,V"]
[Black "Koziak,V"]
[Result "0-1"]
[WhiteElo "2277"]
[BlackElo "2471"]

1.e4 c5 2.Nf3 d6 3.Bb5+ Nc6 4.Bxc6+ bxc6 5.O-O e5 6.d3 Nf6 7.Nbd2 g6 8.a3 a5
9.a4 Bg7 10.Nc4 O-O 11.Bd2 Be6 12.Re1 Nxe4 13.Rxe4 d5 14.Rxe5 dxc4 15.Rxc5 cxd3
16.cxd3 Bxb2 17.Rb1 Bg7 18.Bf4 Bd5 19.h3 Re8 20.Rc2 Qd7 21.Be3 Rab8 22.Rxb8 Rxb8
23.Rc5 Qd8 24.Bf4 Rb2 25.Be3 Bf8 26.Rc1 Bb3 27.Qe1 Bb4 28.Bd2 Bxa4 29.Bc3 Rc2
30.Rxc2 Bxc2 31.Bxb4 axb4 32.Qxb4 Bxd3 33.Ne5 Bb5 34.f4 f6 35.Nf3 Kf7 36.Qb3+ Kg7
37.Qe3 Bc4 38.f5 Qd1+ 39.Kh2 Qd6+ 40.Kg1 Qd1+ 41.Kh2 Qd6+ 42.Kg1 c5 43.fxg6 hxg6
44.Kf2 Bd5 45.Qd3 c4 46.Qd4 Qc6 47.Qc3 Bxf3 48.gxf3 Kf7 49.Ke3 Qd5 50.Qb4 g5
51.Qa3 Qe5+ 52.Kd2 Qd4+ 53.Ke2 c3 54.Qb3+ Kg7 55.Qb7+ Kg6 56.Qc8 Qe5+ 57.Kf1 Qe3
58.Kg2 Qe2+ 59.Kg3 Qe5+ 60.Kg2 Kf7 61.Qb7+ Ke6 62.Qc6+ Ke7 63.Qb7+ Kd6 64.Qb6+ Kd7
65.Qb7+ Qc7 66.Qd5+ Ke7 67.Qe4+ Kf8 68.Qg6 Qe5 69.Qd3 Ke7 70.Qc4 Kd6 71.Qa6+ Kc5
72.Qa5+ Kd4 73.Qa4+ Ke3 74.Qd1 Qb5 75.Qc1+ Kd4 76.Qg1+ Kd5 77.Qd1+ Ke6 78.Qd8 Qc6
79.Qg8+ Ke5 80.Qb8+ Kd4 81.Qd8+ Ke3 82.Qe7+ Kd3 83.Qd8+ Kc2 84.Qd4 Kb3 85.Qd3 Qc4
86.Qb1+ Ka4 87.Qa1+ Kb4 88.Qb1+ Qb3 89.Qe4+ Ka3 90.Qe7+ Kb2 91.Qxf6 Qc2+
92.Kg3 Qd2 93.Qb6+ Kc1 94.Qg1+ Kc2 95.Kg4 Qf4+ 96.Kh5 Qxf3+ 97.Kxg5 Qxh3
98.Kf4 Qh6+ 99.Ke4 Qe6+ 100.Kf4 Qd6+ 101.Ke4 Qd3+ 102.Kf4 Kb2 103.Qb6+ Kc1
104.Qg1+ Qd1 105.Qc5 Qd2+ 106.Ke4 Qe2+ 107.Kf4 c2 108.Qg1+ Kd2 109.Qd4+ Qd3
110.Qb4+ Ke2 111.Qc5 Qf3+  0-1

[Event "Lenk Open"]
[Site "Lenk SUI"]
[Date "2011.04.23"]
[Round "4"]
[White "Berset,P"]
[Black "Raetsky,A"]
[Result "1/2-1/2"]
[WhiteElo "2096"]
[BlackElo "2430"]

1.e4 c5 2.Nf3 d6 3.Bb5+ Nd7 4.d4 Nf6 5.Nc3 cxd4 6.Qxd4 e5 7.Qd3 h6 8.Be3 Be7
9.Bc4 O-O 10.Nh4 d5 11.exd5 e4 12.Qd2 Ne5 13.Be2 Nfg4 14.g3 Bxh4 15.gxh4 Qxh4
16.O-O-O Bf5 17.Kb1 Nxe3 18.fxe3  1/2-1/2

[Event "V New Open Lugano"]
[Site "Lugano SUI"]
[Date "2011.04.23"]
[Round "2.8"]
[White "Sedina,E"]
[Black "Kudryavtsev,E"]
[Result "1-0"]
[WhiteElo "2339"]
[BlackElo "2126"]

1.e4 c5 2.Nf3 d6 3.Bb5+ Nd7 4.d4 cxd4 5.Qxd4 a6 6.Bxd7+ Bxd7 7.c4 Nf6 8.Nc3 e6
9.O-O Be7 10.Bg5 O-O 11.Bxf6 gxf6 12.a4 Qc7 13.Rad1 Bd8 14.b3 Qc5 15.Qd3 Qh5
16.Nd4 Rc8 17.f4 Kh8 18.f5 Be7 19.Nce2 Rg8 20.Nf4 Qg4 21.h3 Qg5 22.Rd2 e5
23.Nd5 Bf8 24.Nf3 Qh6 25.Nh2 Qh4 26.Ng4 Bg7 27.Ne7 h5 28.Nxg8 Rxg8 29.Nh2 Bh6
30.Re2 Bc6 31.Nf3 Qxh3 32.Nxe5 Rg3 33.Rf3 fxe5 34.Rxg3 Qh4 35.Rh3 Qg5 36.Qf3  1-0

[Event "ch-FRA u18b"]
[Site "Montlucon FRA"]
[Date "2011.04.23"]
[Round "8.7"]
[White "Ollier,M"]
[Black "Sanvoisin,C"]
[Result "1-0"]
[WhiteElo "2138"]
[BlackElo "1947"]

1.e4 c5 2.Nf3 d6 3.Bb5+ Nd7 4.d4 Nf6 5.Nc3 cxd4 6.Qxd4 e5 7.Qd3 h6 8.O-O Be7
9.Be3 a6 10.Bxd7+ Bxd7 11.a4 Be6 12.a5 Qc8 13.Rfd1 Bc4 14.Qd2 Qc6 15.b3 Be6
16.Qd3 Rc8 17.Bd2 O-O 18.Rac1 Bd8 19.Ra1 Nd7 20.Be1 Be7 21.Rac1 Kh8 22.h3 f5
23.exf5 Bxf5 24.Qe2 Bxh3 25.Nd5 Bd8 26.gxh3 Nf6 27.c4 Nxd5 28.Rxd5 Qxd5 29.cxd5 Rxc1
30.Kg2 Rf6 31.Qd2 Rc7 32.Qd3 Rcf7 33.Nh2 Rf4 34.f3 Bg5 35.h4 Be7 36.Bg3 Rd4
37.Qg6 Rf8 38.Qe6 Bf6 39.Ng4  1-0

[Event "57th ch-WLS"]
[Site "Cardiff WLS"]
[Date "2011.04.24"]
[Round "4.10"]
[White "Van Kemenade,R"]
[Black "Heap,G"]
[Result "1/2-1/2"]
[WhiteElo "1951"]
[BlackElo "1954"]

1.e4 c5 2.Nf3 d6 3.Bb5+ Nc6 4.O-O Bd7 5.c3 Nf6 6.Re1 e6 7.d4 Be7 8.Bd3 Qc7
9.a3 Rc8 10.b4 h6 11.Nbd2 cxd4 12.cxd4 d5 13.e5 Nh7 14.Bxh7 Rxh7 15.Nb3 Kf8
16.Be3 Qd8 17.Rc1 g5 18.Qd3 Kg8 19.Nc5 Bxc5 20.Rxc5 Ne7 21.Rxc8 Nxc8 22.Rc1 Nb6
23.Nd2 Ba4 24.Qc3 f5 25.exf6 Qxf6 26.Qc5 Rf7 27.Qd6 Bc6 28.Rf1 Kh7 29.f4 g4
30.Qe5 Qf5 31.Qxf5+ exf5 32.Bf2 Re7 33.Re1 Rxe1+  1/2-1/2

[Event "ch-FRA u18b"]
[Site "Montlucon FRA"]
[Date "2011.04.24"]
[Round "9.9"]
[White "Stepenko,R"]
[Black "Muheim,Sebastien"]
[Result "1/2-1/2"]
[WhiteElo "1929"]
[BlackElo "2101"]

1.e4 c5 2.Nf3 d6 3.Bb5+ Nd7 4.d4 cxd4 5.Qxd4 e5 6.Qd3 h6 7.Nc3 Nf6 8.h3 Be7
9.Be3 a6 10.Bxd7+ Bxd7 11.a4 b5 12.axb5 axb5 13.O-O O-O 14.Nd2 b4 15.Nd5 Nxd5
16.exd5 Qc7 17.f4 f5 18.fxe5 dxe5 19.Rfd1 f4 20.Qb3 Bd6 21.Bf2 Bf5 22.Nc4 Rxa1
23.Rxa1 Rc8 24.Nxd6 Qxd6 25.c4 bxc3 26.bxc3 Bd3 27.Ra7 Rb8 28.Rb7 Rxb7 29.Qxb7 Be4
30.Qc8+ Kh7 31.c4 Qg6 32.Qg4 Qxg4 33.hxg4 Kg6 34.Bh4 Kf7 35.Bd8 Bd3 36.Bc7 Bxc4
37.Bxe5 g5 38.d6 Be6 39.Kf2 Bxg4 40.g3 fxg3+ 41.Kxg3 Bd7 42.Bc3 Ke6 43.Kg4  1/2-1/2

[Event "Doeberl Cup Premier"]
[Site "Canberra AUS"]
[Date "2011.04.25"]
[Round "9.23"]
[White "Matheson,L"]
[Black "Broekhuyse,P"]
[Result "1-0"]
[WhiteElo "2093"]
[BlackElo "2104"]

1.e4 c5 2.Nf3 d6 3.Bb5+ Nc6 4.O-O Bd7 5.c3 Nf6 6.Re1 Qb6 7.Ba4 O-O-O 8.d4 cxd4
9.cxd4 Bg4 10.d5 Ne5 11.Be3 Bxf3 12.gxf3 Qa5 13.Nc3 Kb8 14.f4 Nc4 15.Bd4 Nxb2
16.Qb3 Nxa4 17.Nxa4 g6 18.Rab1 Rd7 19.e5 Qxd5 20.Qxd5 Nxd5 21.e6 Rd8 22.Bxh8 f6
23.Rbd1  1-0

[Event "Cez Cup GM 2011"]
[Site "Frydek Mistek CZE"]
[Date "2011.04.25"]
[Round "9"]
[White "Velicka,P"]
[Black "Dydyshko,V"]
[Result "1/2-1/2"]
[WhiteElo "2477"]
[BlackElo "2555"]

1.e4 c5 2.Nf3 d6 3.Bb5+ Bd7 4.Bxd7+ Qxd7 5.c4 Nf6 6.Nc3 Nc6 7.O-O g6 8.d4 cxd4
9.Nxd4 Bg7 10.Nde2 O-O 11.f3 Qd8 12.Be3  1/2-1/2

[Event "1st CHN-w Masters"]
[Site "Jiangsu Wuxi CHN"]
[Date "2011.04.25"]
[Round "9"]
[White "Ding Yixin"]
[Black "Huang Qian"]
[Result "1/2-1/2"]
[WhiteElo "2376"]
[BlackElo "2394"]

1.e4 c5 2.Nf3 d6 3.Bb5+ Bd7 4.Bxd7+ Qxd7 5.c4 Nf6 6.Nc3 g6 7.d4 cxd4 8.Nxd4 Bg7
9.O-O O-O 10.f3 Rc8 11.b3 d5 12.exd5 Nxd5 13.Nxd5 e6 14.Bh6 exd5 15.Bxg7 Kxg7
16.Nb5 dxc4 17.Nd6 Rd8 18.Nxb7 Qxd1 19.Raxd1 Rxd1 20.Rxd1 cxb3 21.axb3 Nc6
22.Ra1 Rb8 23.Na5 Nxa5 24.Rxa5 Rxb3 25.Rxa7 h5 26.Ra4 Kf6 27.h4 Kf5 28.Kh2 Rb2
29.Kg3 Kf6 30.Ra6+ Kf5 31.Ra5+ Kf6 32.Ra6+ Kf5 33.Ra5+ Kf6 34.Ra6+  1/2-1/2

[Event "2nd Lille Open"]
[Site "Lille FRA"]
[Date "2011.04.26"]
[Round "2.6"]
[White "Crut,A"]
[Black "Zhigalko,A"]
[Result "0-1"]
[WhiteElo "2320"]
[BlackElo "2571"]

1.e4 c5 2.Nf3 d6 3.Bb5+ Nd7 4.d4 cxd4 5.Qxd4 a6 6.Bxd7+ Bxd7 7.Bg5 Rc8 8.Nc3 h6
9.Bh4 e5 10.Qd3 g5 11.Bg3 Nf6 12.h4 g4 13.Nd2 b5 14.a3 Be7 15.h5 Be6 16.Bh4 Qb6
17.Bxf6 Bxf6 18.Nd5 Bxd5 19.exd5 Bg5 20.Ne4 Be7 21.Ng3 Rc4 22.c3 Rf4 23.O-O Bh4
24.b3 O-O 25.c4 bxc4 26.bxc4 Bxg3 27.Qxg3 Rxc4 28.Rac1 Rfc8 29.Rxc4 Rxc4
30.Qh4 Kg7 31.Re1 Qd4 32.Re3 Qxd5 33.Rg3 Qd4 34.Kh2 Qf4 35.f3 f6 36.Qxg4+ Qxg4
37.fxg4 Kf7 38.Kh3 d5 39.Rb3 d4 40.Rb7+ Ke6 41.Rb6+ Kd5 42.Rxf6 d3 43.Rf1  0-1

[Event "17th Asian Cities"]
[Site "Jakarta INA"]
[Date "2011.04.27"]
[Round "7.5"]
[White "Hussein,AH"]
[Black "Battulga,N"]
[Result "0-1"]
[WhiteElo "2377"]
[BlackElo "2420"]

1.e4 c5 2.Nf3 d6 3.Bb5+ Nc6 4.O-O Bd7 5.Re1 Nf6 6.c3 a6 7.Bf1 Bg4 8.d3 e6
9.h3 Bh5 10.Be3 Be7 11.Nbd2 d5 12.a4 O-O 13.Bf4 Rc8 14.Qb3 Na5 15.Qa2 Bxf3
16.Nxf3 c4 17.e5 Nd7 18.dxc4 Nxc4 19.Bd3 Qb6 20.Re2 Nc5 21.Bc2 Nd7 22.a5 Qc7
23.Bg3 Rfd8 24.h4 g6 25.b4 Bf8 26.Rae1 Bg7 27.h5 b6 28.axb6 Ncxb6 29.hxg6 hxg6
30.Re3 Nc4 31.R3e2 a5 32.Bd3 Ra8 33.b5 Qc5 34.Nd4 Ncxe5 35.Qd2 Nxd3 36.Qxd3 Rdc8
37.Nxe6 fxe6 38.Rxe6 Nf8 39.Re7 Bf6 40.Rb7 Qxc3 41.Qxd5+ Kh8 42.Rbe7 Ra7
43.R7e3 Qd4 44.Qf3 Kg7 45.Rd1 Qc5 46.Rd5 Qb4 47.Bd6 Rc1+ 48.Rd1 Rxd1+ 49.Qxd1 Qxb5
50.Rb3 Qc6 51.Rd3 Ne6 52.Bb8 Rb7 53.Bg3 Qb5 54.Rd5 Qb1 55.Kh2 Kg8 56.Rd7 Rb5
57.Rd5 Rxd5 58.Qxd5 Qf5 59.Qa8+ Kh7 60.Qa7+ Ng7 61.Qc7 a4 62.f3 Bd4 63.Bf4 Qh5+
64.Kg3 a3  0-1

[Event "17th Asian Cities"]
[Site "Jakarta INA"]
[Date "2011.04.27"]
[Round "8.2"]
[White "Kuderinov,K"]
[Black "Sriram,S1"]
[Result "1-0"]
[WhiteElo "2480"]
[BlackElo "2219"]

1.e4 c5 2.Nf3 d6 3.Bb5+ Nc6 4.O-O Bd7 5.Re1 Nf6 6.h3 Ne5 7.a4 g6 8.Nxe5 dxe5
9.Na3 Bg7 10.Nc4 Qc7 11.Bxd7+ Nxd7 12.d3 O-O 13.Bg5 Nb8 14.h4 Nc6 15.h5 Rfd8
16.Be3 b6 17.g3 Rab8 18.Kg2 a6 19.hxg6 hxg6 20.Qg4 b5 21.axb5 axb5 22.Na3 Nd4
23.c3 Nb3 24.Rad1 Qd7 25.Qh4 f6 26.g4 Kf7 27.Qg3 Qc6 28.Qf3 Rd7 29.Qe2 Rbd8
30.f3 Rb8 31.Rh1 Rh8 32.Rxh8 Bxh8 33.Qc2 Na5 34.Qf2 c4 35.Qe2 Bg7 36.dxc4 Rxd1
37.Qxd1 Nxc4 38.Nxc4 bxc4 39.b4 cxb3 40.Qxb3+ e6 41.c4 Bf8 42.Qb5 Qa8 43.Qd7+ Be7
44.c5 Qa2+ 45.Bf2 Kf8 46.Kg3 f5 47.gxf5 gxf5 48.exf5 Bh4+ 49.Kxh4 Qxf2+ 50.Kg5 Qxf3
51.Qd8+ Kf7 52.Qf6+ Kg8 53.Qxe6+ Kf8 54.Qd6+ Kf7 55.Qd7+ Kf8 56.Kf6  1-0